000 007280000a22002290004500
003 LK-CoMWRAF
005 20240113004049.0
008 230817t2004 ||||| |||| 00| 0 eng d
020 _a955988350X
040 _aLK-CoMWRAF
_dLK-CoMWRAF
_eLK-CoMWRAF
041 _atam
082 _a894.8113
_bDIS
100 _aதிசாநாயக்க, ஜே. பி.
_vDissanayake, J.B.
245 _aசூரிய சந்திரரும் நெல்லும்
246 _aSooriya Sandirarum Nellum
260 _aNugegoda:
_bSumitha,
_c2004
300 _a22 unnumbered p.
650 _aTAMIL FICTION
650 _aChildren's Fiction
700 _aமஹகமசேகர, நிருபமா
_eills.
942 _cBK
999 _c865
_d865